Natural rubber latex concentrate (Record no. 63562)

MARC details
000 -LEADER
fixed length control field 00304nam a2200121Ia 4500
245 #0 - TITLE STATEMENT
Title Natural rubber latex concentrate
260 ## - PUBLICATION, DISTRIBUTION, ETC. (IMPRINT)
Name of publisher Planters Bulletin
Year of publication 1972
300 ## - PHYSICAL DESCRIPTION
Number of Pages 92-104
650 ## - SUBJECT ADDED ENTRY--TOPICAL TERM
Topical Term Latex concentrate
650 ## - SUBJECT ADDED ENTRY--TOPICAL TERM
Topical Term Natural rubber
942 ## - ADDED ENTRY ELEMENTS (KOHA)
Koha item type Journals
Holdings
Withdrawn status Lost status Damaged status Not for loan Home library Current library Shelving location Date acquired Serial Enumeration / chronology Koha item type
      Journals RRII Library RRII Library Rubber chemistry 17/12/2021 Volume 120, Issue Journals